000 00804njm a2200289Ia 4500
001 21153
003 IT-RoPAU
005 20220918181112.0
008 131025s9999 xx 000 0 und d
040 _aIT-RoPAU
040 _cIT-RoPAU
041 _aITALIANO
999 _c99101
_d99101
999 _bn.d.
100 _aSaba Umberto
_95197
100 _eAutore testo
_95198
100 _gCodice autore testo SPICS: 11134
_95199
245 _aPoesie
250 _a1a ed.
260 _aROMA
260 _bSPICS RECORDS
_c1982 [1a Ed.:1982]
300 _aMUSICASSETTA
500 _aParlato
505 _aPoesie di Umberto Saba e Aldo Palazzeschi
650 _aPARLATO [CASSETTE]
_eCodice MATERIA SPICS: 9951
_95200
700 _aPalazzeschi Aldo
_eAutore testo
_gCodice autore testo SPICS: 2951
_95201
942 _cMC
_2ddc